Chāpakhānā kasā kāḍhāvā. (Record no. 54975)

MARC details
000 -LEADER
fixed length control field 00540cam a22002171 4500
001 - CONTROL NUMBER
control field sa 63003239
003 - CONTROL NUMBER IDENTIFIER
control field DLC
005 - DATE AND TIME OF LATEST TRANSACTION
control field 20260227111940.0
008 - FIXED-LENGTH DATA ELEMENTS--GENERAL INFORMATION
fixed length control field 940714s1962 ii 000 0 maro
010 ## - LIBRARY OF CONGRESS CONTROL NUMBER
LC control number sa 63003239
025 ## - OVERSEAS ACQUISITION NUMBER
Overseas acquisition number PL480:I-Mar-124
035 ## - SYSTEM CONTROL NUMBER
System control number (OCoLC)30762867
040 ## - CATALOGING SOURCE
Original cataloging agency DLC
Transcribing agency CU
Modifying agency CU
-- DLC
050 00 - LIBRARY OF CONGRESS CALL NUMBER
Classification number Z244
Item number .D38
100 1# - MAIN ENTRY--PERSONAL NAME
Personal name Devalkuḷe, Va. Ga.,
Dates associated with a name 1913-
245 10 - TITLE STATEMENT
Title Chāpakhānā kasā kāḍhāvā.
260 ## - PUBLICATION, DISTRIBUTION, ETC.
Date of publication, distribution, etc. [1962]
300 ## - PHYSICAL DESCRIPTION
Extent 40 p.
Dimensions 22 cm.
500 ## - GENERAL NOTE
General note In Marathi.
650 #0 - SUBJECT ADDED ENTRY--TOPICAL TERM
Topical term or geographic name entry element Printing
Geographic subdivision India.

No items available.

Powered by Koha